| 000 | 00735nam a22002537a 4500 | ||
|---|---|---|---|
| 003 | 0 | ||
| 005 | 20180718121502.0 | ||
| 008 | 0 | ||
| 010 | _aB-158783 | ||
| 020 |
_c695.00 _a8176489883 |
||
| 035 | _aB-158783, B-158784 | ||
| 037 | _bCen Lib/Ret | ||
| 040 |
_aDPL _bEN _c0 |
||
| 082 |
_a591 _bPAN |
||
| 100 |
_aPandey, B.N. _917788 |
||
| 245 |
_aAnimal sciences and environmental issues / _cby B.N.Pandey |
||
| 260 |
_aNew Delhi _bA P H Publishing Corporation _c2006 |
||
| 270 |
_bNew Delhi _a5, Ansari Road, Daryaganj _e110002 |
||
| 300 |
_axi,258p. : _c20cm(Hb) _bill. |
||
| 500 | _aIncludes index | ||
| 650 |
_aBiodiversity. _915094 |
||
| 650 |
_aEnvironmental concerns. _917789 |
||
| 942 |
_2ddc _cEN _h591 _mPAN |
||
| 999 |
_c126537 _d126537 |
||